000 00450nam a2200145Ia 4500
003 GCL
008 140319s9999 xx 000 0 ara d
040 _aGCL /
_cGCL
082 0 4 _a778.53
_bع ا
100 1 _aمدكور ثابت
245 1 0 _aايقاع ومنتاج الفيلم فى مصر المؤثر النظرى الاجنبى /
_cمدكور ثابت
700 1 _aعادل منير
300 _a288 ص
490 _aملفات السينما
_v0
999 _c47598
_d47598